[Event "DEM U12w 2025"]
[Site "Willingen GER"]
[Date "2025.06.10"]
[Round "4"]
[White "Vasilieva, Victoria"]
[Black "Didas, Emma"]
[Result "0-1"]
[Termination "normal"]
[Board "17"]
[WhiteElo "1554"]
[BlackElo "1461"]
[WhiteClock "00:51:57"]
[BlackClock "00:44:27"]
[PlyCount "80"]
[WhiteFideId "533007071"]
[BlackFideId "34681612"]
[EventCountry "GER"]
[EventRounds "9"]
[EventType "swiss"]
[EventDate "2025.06.07"]

1. d4 {[%clk 01:30:58]} {[%emt 00:00:02]} d6 {[%clk 01:30:53]} {[%emt
00:00:07]} 2. e4 {[%clk 01:31:19]} {[%emt 00:00:08]} Nf6 {[%clk 01:31:16]}
{[%emt 00:00:07]} 3. Nc3 {[%clk 01:31:31]} {[%emt 00:00:18]} g6 {[%clk
01:31:38]} {[%emt 00:00:08]} 4. Be3 {[%clk 01:30:21]} {[%emt 00:01:41]} c6
{[%clk 01:31:53]} {[%emt 00:00:15]} 5. f3 {[%clk 01:29:40]} {[%emt 00:01:11]}
Nbd7 {[%clk 01:31:57]} {[%emt 00:00:25]} 6. Bd3 {[%clk 01:27:45]} {[%emt
00:02:26]} Qc7 {[%clk 01:28:25]} {[%emt 00:03:59]} 7. Qd2 {[%clk 01:24:54]}
{[%emt 00:03:24]} a5 {[%clk 01:25:59]} {[%emt 00:02:56]} 8. Nge2 {[%clk
01:22:00]} {[%emt 00:03:20]} b5 {[%clk 01:22:28]} {[%emt 00:04:05]} 9. Ng3
{[%clk 01:17:46]} {[%emt 00:04:43]} Bg7 {[%clk 01:21:37]} {[%emt 00:01:21]} 10.
O-O-O {[%clk 01:16:07]} {[%emt 00:02:09]} Nb6 {[%clk 01:12:31]} {[%emt
00:09:36]} 11. Kb1 {[%clk 01:11:18]} {[%emt 00:05:19]} Nc4 {[%clk 01:09:56]}
{[%emt 00:03:06]} 12. Qe2 {[%clk 01:09:48]} {[%emt 00:01:57]} Nb6 {[%clk
01:09:10]} {[%emt 00:01:18]} 13. Qd2 {[%clk 01:08:58]} {[%emt 00:01:18]} h5
{[%clk 01:07:38]} {[%emt 00:02:04]} 14. Nf1 {[%clk 01:05:28]} {[%emt 00:03:58]}
Nfd7 {[%clk 01:05:52]} {[%emt 00:02:18]} 15. h3 {[%clk 01:04:37]} {[%emt
00:01:22]} b4 {[%clk 01:03:23]} {[%emt 00:02:59]} 16. Ne2 {[%clk 01:04:46]}
{[%emt 00:00:20]} c5 {[%clk 01:02:17]} {[%emt 00:01:36]} 17. g4 {[%clk
01:04:32]} {[%emt 00:00:45]} c4 {[%clk 01:02:31]} {[%emt 00:00:17]} 18. Nc1
{[%clk 01:01:58]} {[%emt 00:03:03]} cxd3 {[%clk 01:02:38]} {[%emt 00:00:23]}
19. Nxd3 {[%clk 01:01:00]} {[%emt 00:01:26]} Nc4 {[%clk 01:01:17]} {[%emt
00:01:50]} 20. Qf2 {[%clk 01:00:06]} {[%emt 00:01:17]} Nxe3 {[%clk 01:01:17]}
{[%emt 00:00:40]} 21. Qxe3 {[%clk 01:00:17]} {[%emt 00:00:19]} Nb6 {[%clk
01:00:33]} {[%emt 00:01:11]} 22. Nd2 {[%clk 00:59:45]} {[%emt 00:01:02]} Bb7
{[%clk 00:58:14]} {[%emt 00:02:51]} 23. e5 {[%clk 00:58:25]} {[%emt 00:01:50]}
Nd5 {[%clk 00:52:53]} {[%emt 00:05:52]} 24. Qe2 {[%clk 00:56:57]} {[%emt
00:01:50]} dxe5 {[%clk 00:52:26]} {[%emt 00:01:05]} 25. dxe5 {[%clk 00:57:01]}
{[%emt 00:00:26]} Ba6 {[%clk 00:51:49]} {[%emt 00:01:06]} 26. Qe4 {[%clk
00:55:56]} {[%emt 00:01:32]} Bxd3 {[%clk 00:51:06]} {[%emt 00:01:17]} 27. Qxd3
{[%clk 00:55:47]} {[%emt 00:00:37]} Qb7 {[%clk 00:45:33]} {[%emt 00:05:59]} 28.
Rhe1 {[%clk 00:55:14]} {[%emt 00:01:08]} Nc3+ {[%clk 00:45:50]} {[%emt
00:00:16]} 29. Ka1 {[%clk 00:54:07]} {[%emt 00:01:36]} Nxd1 {[%clk 00:45:44]}
{[%emt 00:00:36]} 30. Rxd1 {[%clk 00:54:29]} {[%emt 00:00:08]} Rd8 {[%clk
00:45:14]} {[%emt 00:00:55]} 31. Qe2 {[%clk 00:54:39]} {[%emt 00:00:21]} hxg4
{[%clk 00:43:55]} {[%emt 00:01:53]} 32. hxg4 {[%clk 00:54:22]} {[%emt
00:00:47]} Qd5 {[%clk 00:43:32]} {[%emt 00:00:49]} 33. a4 {[%clk 00:50:49]}
{[%emt 00:04:07]} bxa3 {[%clk 00:43:45]} {[%emt 00:00:17]} 34. bxa3 {[%clk
00:51:06]} {[%emt 00:00:12]} Bxe5+ {[%clk 00:43:56]} {[%emt 00:00:20]} 35. Kb1
{[%clk 00:51:24]} {[%emt 00:00:10]} Qb7+ {[%clk 00:43:33]} {[%emt 00:00:49]}
36. Nb3 {[%clk 00:51:08]} {[%emt 00:00:52]} Rxd1+ {[%clk 00:43:51]} {[%emt
00:00:12]} 37. Qxd1 {[%clk 00:51:30]} {[%emt 00:00:07]} a4 {[%clk 00:44:14]}
{[%emt 00:00:08]} 38. Kc1 {[%clk 00:51:24]} {[%emt 00:00:33]} axb3 {[%clk
00:44:35]} {[%emt 00:00:12]} 39. cxb3 {[%clk 00:51:42]} {[%emt 00:00:12]} Qc7+
{[%clk 00:44:07]} {[%emt 00:00:56]} 40. Kb1 {[%clk 00:51:57]} {[%emt 00:00:16]}
Qc3 {[%clk 00:44:27]} {[%emt 00:00:09]} 0-1

[Event "DEM U12w 2025"]
[Site "Willingen GER"]
[Date "2025.06.10"]
[Round "4"]
[White "Zietz, Leni"]
[Black "Nehrukumar, Rithika"]
[Result "0-1"]
[Termination "normal"]
[Board "18"]
[WhiteElo "1113"]
[BlackElo "1692"]
[WhiteClock "00:33:08"]
[BlackClock "00:46:52"]
[PlyCount "94"]
[WhiteFideId "533025886"]
[BlackFideId "34660550"]
[EventCountry "GER"]
[EventRounds "9"]
[EventType "swiss"]
[EventDate "2025.06.07"]

1. d4 {[%clk 01:30:59]} d5 {[%clk 01:30:50]} {[%emt 00:00:10]} 2. c4 {[%clk
01:31:23]} {[%emt 00:00:07]} e6 {[%clk 01:31:14]} {[%emt 00:00:06]} 3. Nc3
{[%clk 01:31:46]} {[%emt 00:00:07]} Nf6 {[%clk 01:31:39]} {[%emt 00:00:05]} 4.
Bg5 {[%clk 01:31:52]} {[%emt 00:00:24]} Bb4 {[%clk 01:27:07]} {[%emt 00:05:02]}
5. Qa4+ {[%clk 01:31:15]} {[%emt 00:01:07]} Nc6 {[%clk 01:26:01]} {[%emt
00:01:36]} 6. Qb3 {[%clk 01:26:57]} {[%emt 00:04:48]} Nxd4 {[%clk 01:19:24]}
{[%emt 00:07:06]} 7. Qd1 {[%clk 01:25:32]} {[%emt 00:01:53]} Nc6 {[%clk
01:14:43]} {[%emt 00:05:13]} 8. Nf3 {[%clk 01:23:44]} {[%emt 00:02:19]} h6
{[%clk 01:13:11]} {[%emt 00:02:02]} 9. Bxf6 {[%clk 01:22:57]} {[%emt 00:01:16]}
Qxf6 {[%clk 01:13:02]} {[%emt 00:00:39]} 10. Rc1 {[%clk 01:18:53]} {[%emt
00:04:34]} dxc4 {[%clk 01:05:25]} {[%emt 00:08:09]} 11. e3 {[%clk 01:17:21]}
{[%emt 00:02:01]} b6 {[%clk 01:04:20]} {[%emt 00:01:35]} 12. Bxc4 {[%clk
01:10:47]} {[%emt 00:07:03]} Bb7 {[%clk 01:02:53]} {[%emt 00:01:58]} 13. Qa4
{[%clk 01:06:53]} {[%emt 00:04:24]} O-O {[%clk 01:01:32]} {[%emt 00:01:50]} 14.
Bb5 {[%clk 01:05:03]} {[%emt 00:02:21]} Bxc3+ {[%clk 00:57:15]} {[%emt
00:04:46]} 15. Rxc3 {[%clk 01:04:53]} {[%emt 00:00:40]} Na5 {[%clk 00:57:30]}
{[%emt 00:00:15]} 16. e4 {[%clk 00:57:29]} {[%emt 00:07:54]} c5 {[%clk
00:57:03]} {[%emt 00:00:57]} 17. e5 {[%clk 00:47:48]} {[%emt 00:10:12]} Qg6
{[%clk 00:48:19]} {[%emt 00:09:11]} 18. Rg1 {[%clk 00:41:52]} {[%emt 00:06:27]}
Bxf3 {[%clk 00:47:47]} {[%emt 00:01:04]} 19. Rxf3 {[%clk 00:41:05]} {[%emt
00:01:16]} Qb1+ {[%clk 00:47:29]} {[%emt 00:00:48]} 20. Qd1 {[%clk 00:40:16]}
{[%emt 00:01:18]} Qxb2 {[%clk 00:47:20]} {[%emt 00:00:41]} 21. Qe2 {[%clk
00:38:26]} {[%emt 00:02:18]} Qxe2+ {[%clk 00:46:53]} {[%emt 00:00:59]} 22. Kxe2
{[%clk 00:38:24]} {[%emt 00:00:31]} Rad8 {[%clk 00:47:09]} {[%emt 00:00:15]}
23. Rc1 {[%clk 00:37:44]} {[%emt 00:01:07]} Rd5 {[%clk 00:47:15]} {[%emt
00:00:25]} 24. Re3 {[%clk 00:36:47]} {[%emt 00:01:27]} Rfd8 {[%clk 00:47:29]}
{[%emt 00:00:15]} 25. Bd3 {[%clk 00:35:44]} {[%emt 00:01:32]} c4 {[%clk
00:47:26]} {[%emt 00:00:37]} 26. Bxc4 {[%clk 00:35:11]} {[%emt 00:01:03]} Nxc4
{[%clk 00:47:44]} {[%emt 00:00:12]} 27. Rxc4 {[%clk 00:35:32]} {[%emt
00:00:09]} Rd2+ {[%clk 00:48:11]} {[%emt 00:00:02]} 28. Ke1 {[%clk 00:35:37]}
{[%emt 00:00:24]} Rxa2 {[%clk 00:48:30]} {[%emt 00:00:12]} 29. Rc7 {[%clk
00:35:16]} {[%emt 00:00:50]} Rdd2 {[%clk 00:48:41]} {[%emt 00:00:20]} 30. Rf3
{[%clk 00:34:53]} {[%emt 00:00:53]} Rdb2 {[%clk 00:48:53]} {[%emt 00:00:16]}
31. Rc1 {[%clk 00:34:54]} {[%emt 00:00:32]} a5 {[%clk 00:48:31]} {[%emt
00:00:52]} 32. Kf1 {[%clk 00:35:06]} {[%emt 00:00:17]} b5 {[%clk 00:48:40]}
{[%emt 00:00:22]} 33. g3 {[%clk 00:35:24]} {[%emt 00:00:12]} b4 {[%clk
00:48:42]} {[%emt 00:00:27]} 34. Kg2 {[%clk 00:35:50]} {[%emt 00:00:04]} a4
{[%clk 00:49:07]} {[%emt 00:00:06]} 35. Rc7 {[%clk 00:34:56]} {[%emt 00:01:23]}
b3 {[%clk 00:45:45]} {[%emt 00:03:53]} 36. Rcxf7 {[%clk 00:34:49]} {[%emt
00:00:37]} Rxf2+ {[%clk 00:45:36]} {[%emt 00:00:38]} 37. Rxf2 {[%clk 00:35:10]}
{[%emt 00:00:09]} Rxf2+ {[%clk 00:45:58]} {[%emt 00:00:09]} 38. Rxf2 {[%clk
00:35:33]} {[%emt 00:00:06]} a3 {[%clk 00:46:25]} {[%emt 00:00:04]} 39. Rf3
{[%clk 00:32:49]} {[%emt 00:03:13]} a2 {[%clk 00:46:01]} {[%emt 00:00:55]} 40.
Rxb3 {[%clk 00:32:41]} {[%emt 00:00:37]} a1=Q {[%clk 00:46:26]} {[%emt
00:00:05]} 41. Rb8+ {[%clk 00:33:03]} {[%emt 00:00:08]} Kh7 {[%clk 00:46:50]}
{[%emt 00:00:07]} 42. Rb5 {[%clk 00:33:07]} {[%emt 00:00:26]} Qa2+ {[%clk
00:45:20]} {[%emt 00:01:59]} 43. Kh3 {[%clk 00:33:20]} {[%emt 00:00:18]} Qc4
{[%clk 00:45:34]} {[%emt 00:00:13]} 44. Rb6 {[%clk 00:33:25]} {[%emt 00:00:27]}
Qf1+ {[%clk 00:45:48]} {[%emt 00:00:15]} 45. Kh4 {[%clk 00:32:59]} {[%emt
00:00:56]} g5+ {[%clk 00:46:13]} {[%emt 00:00:06]} 46. Kg4 {[%clk 00:33:02]}
{[%emt 00:00:27]} Qf5+ {[%clk 00:46:26]} {[%emt 00:01:00]} 47. Kh5 {[%clk
00:33:08]} {[%emt 00:00:25]} Qh3# {[%clk 00:46:52]} {[%emt 00:00:04]} 0-1

[Event "DEM U12w 2025"]
[Site "Willingen GER"]
[Date "2025.06.10"]
[Round "4"]
[White "Ulianova, Anna"]
[Black "Jänsch, Layla"]
[Result "1/2-1/2"]
[Termination "normal"]
[Board "19"]
[WhiteElo "1440"]
[BlackElo "1095"]
[WhiteClock "00:41:22"]
[BlackClock "01:03:04"]
[PlyCount "46"]
[WhiteFideId "34682660"]
[BlackFideId "533043477"]
[EventCountry "GER"]
[EventRounds "9"]
[EventType "swiss"]
[EventDate "2025.06.07"]

1. e4 {[%clk 01:30:57]} {[%emt 00:00:03]} e5 {[%clk 01:30:54]} {[%emt
00:00:07]} 2. Nf3 {[%clk 01:31:20]} {[%emt 00:00:06]} Nc6 {[%clk 01:31:18]}
{[%emt 00:00:07]} 3. Bc4 {[%clk 01:31:46]} {[%emt 00:00:04]} Be7 {[%clk
01:31:42]} {[%emt 00:00:06]} 4. d4 {[%clk 01:32:07]} {[%emt 00:00:10]} exd4
{[%clk 01:32:01]} {[%emt 00:00:10]} 5. Nxd4 {[%clk 01:32:34]} {[%emt 00:00:04]}
Ne5 {[%clk 01:31:34]} {[%emt 00:00:56]} 6. Bb3 {[%clk 01:32:27]} {[%emt
00:00:38]} Nf6 {[%clk 01:31:10]} {[%emt 00:00:54]} 7. Nc3 {[%clk 01:32:30]}
{[%emt 00:00:27]} d6 {[%clk 01:30:22]} {[%emt 00:01:17]} 8. Bg5 {[%clk
01:30:10]} {[%emt 00:02:51]} Nxe4 {[%clk 01:24:24]} {[%emt 00:06:27]} 9. Bxe7
{[%clk 01:20:53]} {[%emt 00:09:47]} Nxc3 {[%clk 01:24:28]} {[%emt 00:00:26]}
10. Bxd8 {[%clk 01:20:21]} {[%emt 00:01:03]} Nxd1 {[%clk 01:24:27]} {[%emt
00:00:31]} 11. Bxc7 {[%clk 01:16:15]} {[%emt 00:04:35]} Nxb2 {[%clk 01:24:08]}
{[%emt 00:00:50]} 12. Bxd6 {[%clk 01:15:51]} {[%emt 00:00:54]} Nbc4 {[%clk
01:23:33]} {[%emt 00:00:49]} 13. Bxc4 {[%clk 00:49:28]} {[%emt 00:27:09]} Nxc4
{[%clk 01:23:46]} {[%emt 00:00:16]} 14. Nb5 {[%clk 00:49:10]} {[%emt 00:00:49]}
Nxd6 {[%clk 01:22:28]} {[%emt 00:01:47]} 15. Nxd6+ {[%clk 00:49:05]} {[%emt
00:00:36]} Ke7 {[%clk 01:22:48]} {[%emt 00:00:09]} 16. O-O-O {[%clk 00:48:34]}
{[%emt 00:01:02]} Rd8 {[%clk 01:21:38]} {[%emt 00:01:37]} 17. Rhe1+ {[%clk
00:44:04]} {[%emt 00:05:04]} Kf8 {[%clk 01:17:08]} {[%emt 00:04:54]} 18. Nxc8
{[%clk 00:43:03]} {[%emt 00:01:36]} Rxd1+ {[%clk 01:16:19]} {[%emt 00:01:18]}
19. Rxd1 {[%clk 00:43:11]} {[%emt 00:00:22]} Rxc8 {[%clk 01:16:41]} {[%emt
00:00:08]} 20. Rd7 {[%clk 00:43:32]} {[%emt 00:00:09]} Rb8 {[%clk 01:16:31]}
{[%emt 00:00:35]} 21. Kd2 {[%clk 00:43:48]} {[%emt 00:00:20]} a5 {[%clk
01:16:09]} {[%emt 00:00:51]} 22. a4 {[%clk 00:41:54]} {[%emt 00:02:25]} b5
{[%clk 01:12:25]} {[%emt 00:04:13]} 23. Ra7 {[%clk 00:41:22]} {[%emt 00:01:02]}
Rd8+ {[%clk 01:03:04]} {[%emt 00:09:50]} 1/2-1/2

[Event "DEM U12w 2025"]
[Site "Willingen GER"]
[Date "2025.06.10"]
[Round "4"]
[White "Georgieva, Teodora"]
[Black "Ebel, Io Cornelia"]
[Result "1-0"]
[Termination "normal"]
[Board "20"]
[WhiteElo "1124"]
[BlackElo "982"]
[WhiteClock "00:41:51"]
[BlackClock "00:17:06"]
[PlyCount "53"]
[WhiteFideId "34679375"]
[BlackFideId "533043469"]
[EventCountry "GER"]
[EventRounds "9"]
[EventType "swiss"]
[EventDate "2025.06.07"]

1. e4 {[%clk 01:30:58]} {[%emt 00:00:01]} e5 {[%clk 01:30:49]} {[%emt
00:00:11]} 2. Nf3 {[%clk 01:31:23]} {[%emt 00:00:06]} Nc6 {[%clk 01:31:06]}
{[%emt 00:00:13]} 3. Bc4 {[%clk 01:31:46]} {[%emt 00:00:08]} Bc5 {[%clk
01:31:22]} {[%emt 00:00:13]} 4. O-O {[%clk 01:31:40]} {[%emt 00:00:36]} Nf6
{[%clk 01:31:26]} {[%emt 00:00:25]} 5. d3 {[%clk 01:31:15]} {[%emt 00:00:55]}
d6 {[%clk 01:31:24]} {[%emt 00:00:33]} 6. Be3 {[%clk 01:31:06]} {[%emt
00:00:38]} Bb6 {[%clk 01:31:09]} {[%emt 00:00:44]} 7. Nc3 {[%clk 01:30:51]}
{[%emt 00:00:46]} Bg4 {[%clk 01:30:37]} {[%emt 00:01:02]} 8. h3 {[%clk
01:31:09]} {[%emt 00:00:12]} Bh5 {[%clk 01:30:51]} {[%emt 00:00:16]} 9. Nd5
{[%clk 01:28:24]} {[%emt 00:03:16]} Nxd5 {[%clk 01:28:56]} {[%emt 00:02:25]}
10. Bxd5 {[%clk 01:28:39]} {[%emt 00:00:15]} Bd4 {[%clk 01:25:20]} {[%emt
00:04:05]} 11. Bxc6+ {[%clk 01:27:53]} {[%emt 00:01:15]} bxc6 {[%clk 01:25:03]}
{[%emt 00:00:48]} 12. Bxd4 {[%clk 01:28:04]} {[%emt 00:00:19]} exd4 {[%clk
01:25:19]} {[%emt 00:00:14]} 13. g4 {[%clk 01:28:04]} {[%emt 00:00:30]} Bg6
{[%clk 01:24:32]} {[%emt 00:01:18]} 14. Nxd4 {[%clk 01:28:25]} {[%emt
00:00:09]} Qd7 {[%clk 01:18:52]} {[%emt 00:06:01]} 15. Qf3 {[%clk 01:24:02]}
{[%emt 00:05:01]} h5 {[%clk 01:15:08]} {[%emt 00:04:14]} 16. g5 {[%clk
01:20:27]} {[%emt 00:04:06]} c5 {[%clk 01:12:12]} {[%emt 00:03:25]} 17. Nf5
{[%clk 01:18:44]} {[%emt 00:02:14]} f6 {[%clk 01:07:18]} {[%emt 00:05:23]} 18.
gxf6 {[%clk 01:09:59]} {[%emt 00:09:15]} gxf6 {[%clk 01:04:02]} {[%emt
00:03:46]} 19. Kh2 {[%clk 01:10:20]} {[%emt 00:00:10]} d5 {[%clk 00:52:59]}
{[%emt 00:11:27]} 20. Rae1 {[%clk 01:02:11]} {[%emt 00:08:44]} d4 {[%clk
00:48:15]} {[%emt 00:05:07]} 21. Rg1 {[%clk 01:01:22]} {[%emt 00:01:26]} Qf7
{[%clk 00:34:27]} {[%emt 00:13:57]} 22. e5 {[%clk 00:57:00]} {[%emt 00:05:13]}
Rd8 {[%clk 00:28:33]} {[%emt 00:06:24]} 23. Qc6+ {[%clk 00:44:13]} {[%emt
00:13:18]} Kf8 {[%clk 00:26:57]} {[%emt 00:02:06]} 24. Qxc5+ {[%clk 00:41:55]}
{[%emt 00:02:47]} Rd6 {[%clk 00:21:59]} {[%emt 00:05:28]} 25. exd6 {[%clk
00:42:07]} {[%emt 00:00:18]} Bxf5 {[%clk 00:19:25]} {[%emt 00:03:05]} 26. d7+
{[%clk 00:41:51]} {[%emt 00:00:46]} Qe7 {[%clk 00:17:06]} {[%emt 00:02:48]} 27.
Qxe7# {[%emt 00:00:08]} 1-0

[Event "DEM U12w 2025"]
[Site "Willingen GER"]
[Date "2025.06.10"]
[Round "4"]
[White "Wolf, Aurelia"]
[Black "Preißler, Enie"]
[Result "1-0"]
[Termination "normal"]
[Board "21"]
[WhiteElo "1410"]
[BlackElo "1113"]
[WhiteClock "00:09:09"]
[BlackClock "00:10:08"]
[PlyCount "135"]
[WhiteFideId "34671048"]
[BlackFideId "533039151"]
[EventCountry "GER"]
[EventRounds "9"]
[EventType "swiss"]
[EventDate "2025.06.07"]

1. e4 {[%clk 01:30:57]} {[%emt 00:00:02]} Nc6 {[%clk 01:30:54]} {[%emt
00:00:07]} 2. d4 {[%clk 01:31:18]} {[%emt 00:00:09]} d5 {[%clk 01:31:16]}
{[%emt 00:00:09]} 3. exd5 {[%clk 01:31:13]} {[%emt 00:00:34]} Qxd5 {[%clk
01:31:18]} {[%emt 00:00:27]} 4. Nf3 {[%clk 01:31:29]} {[%emt 00:00:15]} Bg4
{[%clk 01:30:57]} {[%emt 00:00:52]} 5. Be2 {[%clk 01:26:23]} {[%emt 00:05:36]}
O-O-O {[%clk 01:26:25]} {[%emt 00:05:02]} 6. c3 {[%clk 01:23:59]} {[%emt
00:02:54]} Nf6 {[%clk 01:21:34]} {[%emt 00:05:20]} 7. O-O {[%clk 01:21:13]}
{[%emt 00:03:15]} e6 {[%clk 01:17:08]} {[%emt 00:04:57]} 8. Bf4 {[%clk
01:04:26]} {[%emt 00:17:16]} Bd6 {[%clk 00:59:27]} {[%emt 00:18:12]} 9. Bg3
{[%clk 00:58:12]} {[%emt 00:06:43]} h5 {[%clk 00:46:38]} {[%emt 00:13:20]} 10.
h3 {[%clk 00:55:48]} {[%emt 00:02:53]} Bf5 {[%clk 00:43:37]} {[%emt 00:03:31]}
11. Nbd2 {[%clk 00:41:17]} {[%emt 00:15:02]} Be4 {[%clk 00:39:09]} {[%emt
00:04:57]} 12. Re1 {[%clk 00:29:44]} {[%emt 00:12:04]} Bxf3 {[%clk 00:31:46]}
{[%emt 00:07:52]} 13. Bxf3 {[%clk 00:29:06]} {[%emt 00:01:08]} Qb5 {[%clk
00:27:17]} {[%emt 00:04:58]} 14. Qc2 {[%clk 00:21:30]} {[%emt 00:08:08]} Bxg3
{[%clk 00:23:46]} {[%emt 00:04:02]} 15. fxg3 {[%clk 00:21:36]} {[%emt
00:00:23]} Rdg8 {[%clk 00:22:23]} {[%emt 00:01:52]} 16. Ne4 {[%clk 00:19:04]}
{[%emt 00:03:02]} Nxe4 {[%clk 00:19:32]} {[%emt 00:03:22]} 17. Rxe4 {[%clk
00:18:57]} {[%emt 00:00:37]} g5 {[%clk 00:18:50]} {[%emt 00:01:12]} 18. g4
{[%clk 00:17:17]} {[%emt 00:02:10]} hxg4 {[%clk 00:17:31]} {[%emt 00:01:50]}
19. Rxg4 {[%clk 00:14:44]} {[%emt 00:03:02]} f5 {[%clk 00:16:58]} {[%emt
00:01:04]} 20. Rg3 {[%clk 00:12:33]} {[%emt 00:02:41]} Rg6 {[%clk 00:12:09]}
{[%emt 00:05:19]} 21. d5 {[%clk 00:09:47]} {[%emt 00:03:15]} Ne7 {[%clk
00:10:52]} {[%emt 00:01:48]} 22. dxe6 {[%clk 00:07:02]} {[%emt 00:03:15]} Qe5
{[%clk 00:10:39]} {[%emt 00:00:42]} 23. Qf2 {[%clk 00:05:34]} {[%emt 00:01:59]}
Kb8 {[%clk 00:09:25]} {[%emt 00:01:44]} 24. Re1 {[%clk 00:05:33]} {[%emt
00:00:31]} Qa5 {[%clk 00:09:09]} {[%emt 00:00:46]} 25. a3 {[%clk 00:05:44]}
{[%emt 00:00:19]} Rf8 {[%clk 00:08:57]} {[%emt 00:00:40]} 26. Bh5 {[%clk
00:05:44]} {[%emt 00:00:31]} Rg7 {[%clk 00:08:26]} {[%emt 00:01:00]} 27. Bf7
{[%clk 00:05:57]} {[%emt 00:00:18]} Qb6 {[%clk 00:07:03]} {[%emt 00:01:53]} 28.
Qxb6 {[%clk 00:05:46]} {[%emt 00:00:41]} cxb6 {[%clk 00:07:27]} {[%emt
00:00:06]} 29. Rd3 {[%clk 00:05:51]} {[%emt 00:00:25]} Kc8 {[%clk 00:05:42]}
{[%emt 00:02:15]} 30. Red1 {[%clk 00:05:29]} {[%emt 00:00:53]} Nc6 {[%clk
00:05:28]} {[%emt 00:00:44]} 31. Rd5 {[%clk 00:04:57]} {[%emt 00:01:02]} f4
{[%clk 00:05:38]} {[%emt 00:00:20]} 32. Kh1 {[%clk 00:05:05]} {[%emt 00:00:21]}
g4 {[%clk 00:04:18]} {[%emt 00:01:50]} 33. hxg4 {[%clk 00:02:53]} {[%emt
00:02:42]} Rxg4 {[%clk 00:04:39]} {[%emt 00:00:08]} 34. Rd7 {[%clk 00:01:20]}
{[%emt 00:02:04]} Rg7 {[%clk 00:03:05]} {[%emt 00:02:04]} 35. Be8 {[%clk
00:00:58]} {[%emt 00:00:53]} Rxd7 {[%clk 00:02:41]} {[%emt 00:00:53]} 36. Bxd7+
{[%clk 00:01:06]} {[%emt 00:00:23]} Kd8 {[%clk 00:03:06]} {[%emt 00:00:05]} 37.
Bxc6+ {[%clk 00:01:27]} {[%emt 00:00:09]} Ke7 {[%clk 00:03:20]} {[%emt
00:00:16]} 38. Bxb7 {[%clk 00:01:50]} {[%emt 00:00:07]} Kxe6 {[%clk 00:03:40]}
{[%emt 00:00:10]} 39. b4 {[%clk 00:01:52]} {[%emt 00:00:29]} Rh8+ {[%clk
00:03:19]} {[%emt 00:00:49]} 40. Kg1 {[%clk 00:02:15]} {[%emt 00:00:08]} Rb8
{[%clk 00:03:14]} {[%emt 00:00:35]} 41. Bf3 {[%clk 00:02:35]} {[%emt 00:00:09]}
Rc8 {[%clk 00:03:35]} {[%emt 00:00:09]} 42. Bg4+ {[%clk 00:02:55]} {[%emt
00:00:11]} Ke5 {[%clk 00:03:38]} {[%emt 00:00:28]} 43. Bxc8 {[%clk 00:03:18]}
{[%emt 00:00:06]} Ke4 {[%clk 00:04:00]} {[%emt 00:00:08]} 44. Bg4 {[%clk
00:03:29]} {[%emt 00:00:19]} Ke3 {[%clk 00:04:16]} {[%emt 00:00:14]} 45. Rd7
{[%clk 00:03:34]} {[%emt 00:00:25]} b5 {[%clk 00:03:45]} {[%emt 00:01:01]} 46.
Rb7 {[%clk 00:03:53]} {[%emt 00:00:11]} a6 {[%clk 00:04:05]} {[%emt 00:00:10]}
47. Rb6 {[%clk 00:04:13]} {[%emt 00:00:10]} Kd3 {[%clk 00:04:02]} {[%emt
00:00:33]} 48. Rc6 {[%clk 00:04:19]} {[%emt 00:00:24]} Kc2 {[%clk 00:04:12]}
{[%emt 00:00:20]} 49. Rxa6 {[%clk 00:04:27]} {[%emt 00:00:22]} Kxc3 {[%clk
00:04:31]} {[%emt 00:00:11]} 50. a4 {[%clk 00:04:50]} {[%emt 00:00:07]} Kxb4
{[%clk 00:04:55]} {[%emt 00:00:06]} 51. axb5 {[%clk 00:05:14]} {[%emt
00:00:06]} Kxb5 {[%clk 00:05:16]} {[%emt 00:00:09]} 52. Rf6 {[%clk 00:05:28]}
{[%emt 00:00:16]} f3 {[%clk 00:05:27]} {[%emt 00:00:19]} 53. Rxf3 {[%clk
00:05:50]} {[%emt 00:00:08]} Kc5 {[%clk 00:05:51]} {[%emt 00:00:06]} 54. Be6
{[%clk 00:06:07]} {[%emt 00:00:13]} Kd6 {[%clk 00:06:13]} {[%emt 00:00:08]} 55.
g4 {[%clk 00:06:32]} {[%emt 00:00:06]} Kxe6 {[%clk 00:06:41]} {[%emt 00:00:01]}
56. g5 {[%clk 00:06:54]} {[%emt 00:00:08]} Ke5 {[%clk 00:06:58]} {[%emt
00:00:13]} 57. g6 {[%clk 00:07:17]} {[%emt 00:00:07]} Ke4 {[%clk 00:07:26]}
{[%emt 00:00:02]} 58. Rf2 {[%clk 00:07:40]} {[%emt 00:00:07]} Ke3 {[%clk
00:07:54]} {[%emt 00:00:03]} 59. g7 {[%clk 00:08:03]} {[%emt 00:00:06]} Kd4
{[%clk 00:07:52]} {[%emt 00:00:33]} 60. g8=Q {[%clk 00:08:22]} {[%emt
00:00:10]} Ke4 {[%clk 00:08:14]} {[%emt 00:00:08]} 61. Qe8+ {[%clk 00:08:40]}
{[%emt 00:01:14]} Kd3 {[%clk 00:08:31]} {[%emt 00:00:13]} 62. Qa4 {[%clk
00:08:17]} {[%emt 00:00:53]} Ke3 {[%clk 00:08:26]} {[%emt 00:00:35]} 63. Qf4+
{[%clk 00:07:42]} {[%emt 00:01:05]} Kd3 {[%clk 00:08:47]} {[%emt 00:00:09]} 64.
Rf3+ {[%clk 00:08:04]} {[%emt 00:00:08]} Ke2 {[%clk 00:09:09]} {[%emt
00:00:08]} 65. Qe3+ {[%clk 00:08:24]} {[%emt 00:00:10]} Kd1 {[%clk 00:09:30]}
{[%emt 00:00:08]} 66. Rf1+ {[%clk 00:08:38]} {[%emt 00:00:17]} Kc2 {[%clk
00:09:51]} {[%emt 00:00:09]} 67. Rf2+ {[%clk 00:08:45]} {[%emt 00:00:23]} Kd1
{[%clk 00:10:08]} {[%emt 00:00:12]} 68. Qd2# {[%clk 00:09:09]} {[%emt
00:00:07]} 1-0